[Event "Collado Villalba op-B 26th"]
[Site "Collado Villalba"]
[Date "2009.08.25"]
[Round "5"]
[White "Marco Catala, Juan Bautista"]
[Black "Andres Cavero, Mariano"]
[Result "1-0"]
[WhiteElo "1898"]
[BlackElo "1581"]
[PlyCount "39"]
[EventDate "2009.08.21"]
[EventType "swiss"]
[EventRounds "9"]
[EventCountry "ESP"]
[SourceTitle "EXT 2011"]
[Source "ChessBase"]
[SourceDate "2010.11.26"]
[SourceVersion "1"]
[SourceVersionDate "2010.11.26"]
[SourceQuality "1"]

1. c4 e6 2. Nc3 Nf6 3. e4 Bb4 4. e5 Bxc3 5. bxc3 Ng8 6. d4 d6 7. Qg4 g6 8. Nf3 Nc6 9. Be2 f6 10. Qg3 dxe5 11. dxe5 Nxe5 12. Nxe5 fxe5 13. Bg5 Nf6 14. Rd1 Qe7 15. Qxe5 Rf8 16. 0-0 c6 17. Rd4 Qg7 18. Rfd1 Rf7 19. Rd8+ Ke7 20. Qd6# 1-0

[Event "Collado Villalba op-B 26th"]
[Site "Collado Villalba"]
[Date "2009.08.21"]
[Round "1"]
[White "Andres Cavero, Mariano"]
[Black "Leniz Martinez, Francisco"]
[Result "0-1"]
[WhiteElo "1581"]
[BlackElo "1883"]
[PlyCount "80"]
[EventDate "2009.08.21"]
[EventType "swiss"]
[EventRounds "9"]
[EventCountry "ESP"]
[SourceTitle "EXT 2011"]
[Source "ChessBase"]
[SourceDate "2010.11.26"]
[SourceVersion "1"]
[SourceVersionDate "2010.11.26"]
[SourceQuality "1"]

1. e4 c5 2. Nf3 g6 3. d4 cxd4 4. Nxd4 Bg7 5. Bc4 Nf6 6. Nc3 d6 7. h3 0-0 8. Be3 Nbd7 9. Qd2 Re8 10. f4 Nc5 11. Bd3 e5 12. Nf3 exf4 13. Bxc5 dxc5 14. Qxf4 Nh5 15. Qd2 a6 16. 0-0-0 Be6 17. Kb1 c4 18. Be2 Qxd2 19. Rxd2 Ng3 20. Rhd1 Bxc3 21. bxc3 Nxe4 22. Kb2 Nxd2 23. Rxd2 b5 24. Nd4 Rad8 25. Bf3 Bd5 26. Rf2 Bxf3 27. Rxf3 Rd6 28. a3 Re5 29. g4 h5 30. gxh5 Rxh5 31. Re3 Kf8 32. Kc1 Rf6 33. Ne2 Rf1+ 34. Kd2 Ra1 35. Nf4 Rf5 36. Ne2 Rff1 37. Nd4 Rad1+ 38. Ke2 Rfe1+ 39. Kf3 Rxe3+ 40. Kxe3 Ra1 0-1